ბათუმის შოთა რუსთაველის სახელმწიფო უნივერსიტეტის ბიბლიოთეკა

ჩანაწერი Personal Name

ჩანაწერთა რაოდენობა, რომელიც გამოყენებულია: 2

001 - CONTROL NUMBER

  • control field: 12397

003 - CONTROL NUMBER IDENTIFIER

  • control field: GE_BSU

005 - DATE AND TIME OF LATEST TRANSACTION

  • control field: 20210904133909.0

008 - FIXED-LENGTH DATA ELEMENTS

  • fixed length control field: 210904|| aca||aabn | a|a d

040 ## - CATALOGING SOURCE

  • Original cataloging agency: GE_BSU
  • Transcribing agency: GE_BSU

100 ## - HEADING--PERSONAL NAME

  • Personal name: Horstmann, Cay S.,
  • Dates associated with a name: 1959-
  • Relator term: author.

670 ## - SOURCE DATA FOUND

  • Source citation: Work cat.: (GE_BSU)0: Horstmann, Cay S., 1959- author., Core Java /